Fables choisies / (Record no. 156700)

MARC details
000 -LEADER
campo de control de longitud fija 00645nam a2200181 i 4500
001 - NÚMERO DE CONTROL
campo de control 156700
003 - IDENTIFICADOR DE NÚMERO DE CONTROL
campo de control ES-MaACL
005 - FECHA Y HORA DE LA ÚLTIMA TRANSACCIÓN
campo de control 20251015063139.0
008 - DATOS DE LONGITUD FIJA--INFORMACIÓN GENERAL
campo de control de longitud fija 981015s1801 fr |||| | fre d
040 ## - FUENTE DE CATALOGACIÓN
Centro catalogador/agencia de origen CAM
Lengua de catalogación spa
Centro/agencia transcriptor CAM
100 1# - ENTRADA PRINCIPAL--NOMBRE DE PERSONA
Nombre de persona La Fontaine, Jean de,
Fechas asociadas al nombre 1621-1695
9 (RLIN) 69147
245 10 - MENCIÓN DEL TÍTULO
Título Fables choisies /
Mención de responsabilidad, etc. mises en vers par La Fontaine.
260 ## - PUBLICACIÓN, DISTRIBUCIÓN, ETC.
Lugar de publicación, distribución, etc. A Paris :
Nombre del editor, distribuidor, etc. chez André,
Fecha de publicación, distribución, etc. An neuf [1801]
300 ## - DESCRIPCIÓN FÍSICA
Extensión 224, 188 p. ;
Dimensiones 14 cm.
597 ## - NOTA DE DESCRIPCIÓN FÍSICA
NOTA DE DESCRIPCIÓN FÍSICA Antep.
852 ## - LOCALIZACIÓN
Ubicación ES-MaACL
Número de control de estantería R-2926-27
Nota libre -- Enc. pasta
Encuadernación -- Edic.: 2 v. (224; 118 p.), cada parte con port. propia
-- Olim: D-4032-33
Holdings
Estatus retirado Estado de pérdida Estado de daño No para préstamo Colección Biblioteca de origen Biblioteca actual Ubicación en estantería Fecha de adquisición Total de préstamos Signatura topográfica completa Código de barras Visto por última vez Precio de reemplazo Tipo de ítem Koha
        Libros del s. XIX Biblioteca del Ateneo de Madrid Biblioteca del Ateneo de Madrid Depósito 17/01/2008   R-2926-27 1163944 23/02/2023 23/02/2023 Libro impreso antiguo